Some methods for microbiological assay (Record no. 27495)

MARC details
000 -LEADER
fixed length control field 00387nam a2200145Ia 4500
082 ## - DEWEY DECIMAL CLASSIFICATION NUMBER
Classification number 579
Item number BOA
100 ## - MAIN ENTRY--AUTHOR NAME
Personal name BOARd, R G
245 #0 - TITLE STATEMENT
Title Some methods for microbiological assay
260 ## - PUBLICATION, DISTRIBUTION, ETC. (IMPRINT)
Place of publication New York
Name of publisher Academic
Year of publication 1975
650 ## - SUBJECT ADDED ENTRY--TOPICAL TERM
Topical Term Assay culture preservation
650 ## - SUBJECT ADDED ENTRY--TOPICAL TERM
Topical Term Microbiological assay
700 ## - ADDED ENTRY--PERSONAL NAME
Personal name LOVELOCK, D W
942 ## - ADDED ENTRY ELEMENTS (KOHA)
Koha item type Books
Holdings
Withdrawn status Lost status Damaged status Not for loan Home library Current library Date acquired Full call number Accession Number Koha item type
        RRII Library RRII Library 16/12/2021 579 BOA 08115 Books